<?xml version="1.0" encoding="UTF-8"?>
<record
    xmlns:xsi="http://www.w3.org/2001/XMLSchema-instance"
    xsi:schemaLocation="http://www.loc.gov/MARC21/slim http://www.loc.gov/standards/marcxml/schema/MARC21slim.xsd"
    xmlns="http://www.loc.gov/MARC21/slim">

  <leader>01306nam a22004091ia4500</leader>
  <datafield tag="999" ind1=" " ind2=" ">
    <subfield code="c">176782</subfield>
    <subfield code="d">176782</subfield>
  </datafield>
  <controlfield tag="001">vtls000858888</controlfield>
  <controlfield tag="003">PNM</controlfield>
  <controlfield tag="005">20200309121610.0</controlfield>
  <controlfield tag="008">180823t20192019my ao  g      000 0 may  </controlfield>
  <datafield tag="015" ind1=" " ind2=" ">
    <subfield code="a">M19-01779</subfield>
  </datafield>
  <datafield tag="020" ind1=" " ind2=" ">
    <subfield code="a">9789672157144</subfield>
    <subfield code="q">paperback</subfield>
    <subfield code="c">RM 29.83</subfield>
  </datafield>
  <datafield tag="039" ind1=" " ind2="9">
    <subfield code="a">201908191609</subfield>
    <subfield code="b">azeantie</subfield>
    <subfield code="c">201908091636</subfield>
    <subfield code="d">noorul</subfield>
    <subfield code="c">201908091559</subfield>
    <subfield code="d">rosliza</subfield>
    <subfield code="c">201905171457</subfield>
    <subfield code="d">azizan</subfield>
  </datafield>
  <datafield tag="040" ind1=" " ind2=" ">
    <subfield code="a">BNM</subfield>
    <subfield code="b">eng</subfield>
    <subfield code="c">BNM</subfield>
    <subfield code="d">PNM</subfield>
    <subfield code="d">PPAK</subfield>
    <subfield code="e">rda</subfield>
  </datafield>
  <datafield tag="049" ind1=" " ind2=" ">
    <subfield code="a">mal</subfield>
  </datafield>
  <datafield tag="082" ind1="0" ind2="4">
    <subfield code="a">909</subfield>
    <subfield code="2">23</subfield>
  </datafield>
  <datafield tag="090" ind1="0" ind2="0">
    <subfield code="a">909</subfield>
    <subfield code="b">SOF</subfield>
  </datafield>
  <datafield tag="090" ind1="2" ind2="0">
    <subfield code="a">909</subfield>
    <subfield code="b">SOF</subfield>
    <subfield code="d">K</subfield>
  </datafield>
  <datafield tag="100" ind1="0" ind2=" ">
    <subfield code="a">Sofea Abd. Rahim,</subfield>
    <subfield code="e">author.</subfield>
  </datafield>
  <datafield tag="245" ind1="1" ind2="0">
    <subfield code="a">PERISTIWA DUNIA,</subfield>
    <subfield code="f">1981-2000 /</subfield>
    <subfield code="c">Sofea Abd Rahim</subfield>
  </datafield>
  <datafield tag="264" ind1=" " ind2="1">
    <subfield code="a">Seri Kembangan, Selangor :</subfield>
    <subfield code="b">Pustaka Kelisa,</subfield>
    <subfield code="c">[2019]</subfield>
  </datafield>
  <datafield tag="264" ind1=" " ind2="4">
    <subfield code="c">&#xA9;2019</subfield>
  </datafield>
  <datafield tag="300" ind1=" " ind2=" ">
    <subfield code="a">64 pages :</subfield>
    <subfield code="b">illustrations, photographs ;</subfield>
    <subfield code="c">23 cm.</subfield>
  </datafield>
  <datafield tag="336" ind1=" " ind2=" ">
    <subfield code="a">text</subfield>
    <subfield code="2">rdacontent</subfield>
  </datafield>
  <datafield tag="337" ind1=" " ind2=" ">
    <subfield code="a">unmediated</subfield>
    <subfield code="2">rdamedia</subfield>
  </datafield>
  <datafield tag="338" ind1=" " ind2=" ">
    <subfield code="a">volume</subfield>
    <subfield code="2">rdacarrier</subfield>
  </datafield>
  <datafield tag="490" ind1="1" ind2=" ">
    <subfield code="a">Jurnal Peristiwa Dramatik Dunia</subfield>
  </datafield>
  <datafield tag="500" ind1=" " ind2=" ">
    <subfield code="a">Includes questions and exercises</subfield>
  </datafield>
  <datafield tag="650" ind1="1" ind2="0">
    <subfield code="a">World history</subfield>
  </datafield>
  <datafield tag="650" ind1="2" ind2="0">
    <subfield code="a">Civilization</subfield>
    <subfield code="x">History</subfield>
  </datafield>
  <datafield tag="650" ind1="2" ind2="0">
    <subfield code="a">History, Modern</subfield>
    <subfield code="y">20th century</subfield>
  </datafield>
  <datafield tag="830" ind1=" " ind2="0">
    <subfield code="a">Jurnal peristiwa dramatik dunia</subfield>
  </datafield>
  <datafield tag="942" ind1=" " ind2=" ">
    <subfield code="2">ddc</subfield>
    <subfield code="c">B</subfield>
  </datafield>
  <datafield tag="949" ind1=" " ind2=" ">
    <subfield code="6">1001375454</subfield>
    <subfield code="e">2607930</subfield>
  </datafield>
  <datafield tag="949" ind1=" " ind2=" ">
    <subfield code="6">2000669225</subfield>
    <subfield code="a">909 SOF M</subfield>
  </datafield>
  <datafield tag="949" ind1=" " ind2=" ">
    <subfield code="6">2000669224</subfield>
    <subfield code="a">909 SOF M</subfield>
  </datafield>
  <datafield tag="949" ind1=" " ind2=" ">
    <subfield code="6">2000669223</subfield>
    <subfield code="a">909 SOF M</subfield>
  </datafield>
  <datafield tag="952" ind1=" " ind2=" ">
    <subfield code="0">0</subfield>
    <subfield code="7">0</subfield>
    <subfield code="b">PPAK</subfield>
    <subfield code="c">K</subfield>
    <subfield code="d">2020-05-13</subfield>
    <subfield code="o">K 909 SOF</subfield>
    <subfield code="p">A01639027</subfield>
    <subfield code="r">2020-05-13 00:00:00</subfield>
    <subfield code="y">B</subfield>
  </datafield>
  <datafield tag="952" ind1=" " ind2=" ">
    <subfield code="0">0</subfield>
    <subfield code="7">0</subfield>
    <subfield code="b">PPAK</subfield>
    <subfield code="c">K</subfield>
    <subfield code="d">2020-05-13</subfield>
    <subfield code="o">K 909 SOF</subfield>
    <subfield code="p">A01639028</subfield>
    <subfield code="r">2020-05-13 00:00:00</subfield>
    <subfield code="y">B</subfield>
  </datafield>
  <datafield tag="952" ind1=" " ind2=" ">
    <subfield code="0">0</subfield>
    <subfield code="7">0</subfield>
    <subfield code="b">SP</subfield>
    <subfield code="c">K</subfield>
    <subfield code="d">2020-05-13</subfield>
    <subfield code="l">4</subfield>
    <subfield code="m">2</subfield>
    <subfield code="o">K 909 SOF</subfield>
    <subfield code="p">A01639029</subfield>
    <subfield code="r">2024-12-17 15:18:21</subfield>
    <subfield code="s">2024-11-23</subfield>
    <subfield code="y">B</subfield>
  </datafield>
  <datafield tag="952" ind1=" " ind2=" ">
    <subfield code="0">0</subfield>
    <subfield code="7">0</subfield>
    <subfield code="b">JT</subfield>
    <subfield code="c">K</subfield>
    <subfield code="d">2020-05-13</subfield>
    <subfield code="o">K 909 SOF</subfield>
    <subfield code="p">A01639030</subfield>
    <subfield code="r">2020-05-13 00:00:00</subfield>
    <subfield code="y">B</subfield>
  </datafield>
  <datafield tag="952" ind1=" " ind2=" ">
    <subfield code="0">0</subfield>
    <subfield code="7">0</subfield>
    <subfield code="b">KM</subfield>
    <subfield code="c">K</subfield>
    <subfield code="d">2020-05-13</subfield>
    <subfield code="l">3</subfield>
    <subfield code="m">1</subfield>
    <subfield code="o">K 909 SOF</subfield>
    <subfield code="p">A01639031</subfield>
    <subfield code="r">2025-11-25 10:10:27</subfield>
    <subfield code="s">2025-11-08</subfield>
    <subfield code="y">B</subfield>
  </datafield>
  <datafield tag="952" ind1=" " ind2=" ">
    <subfield code="0">0</subfield>
    <subfield code="7">0</subfield>
    <subfield code="b">LW</subfield>
    <subfield code="c">K</subfield>
    <subfield code="d">2020-05-13</subfield>
    <subfield code="o">K 909 SOF</subfield>
    <subfield code="p">A01639032</subfield>
    <subfield code="r">2020-05-13 00:00:00</subfield>
    <subfield code="y">B</subfield>
  </datafield>
  <datafield tag="952" ind1=" " ind2=" ">
    <subfield code="0">0</subfield>
    <subfield code="7">0</subfield>
    <subfield code="b">BL</subfield>
    <subfield code="c">K</subfield>
    <subfield code="d">2020-05-13</subfield>
    <subfield code="o">K 909 SOF</subfield>
    <subfield code="p">A01639033</subfield>
    <subfield code="r">2020-05-13 00:00:00</subfield>
    <subfield code="y">B</subfield>
  </datafield>
  <datafield tag="952" ind1=" " ind2=" ">
    <subfield code="0">0</subfield>
    <subfield code="7">0</subfield>
    <subfield code="b">BB</subfield>
    <subfield code="c">K</subfield>
    <subfield code="d">2020-05-13</subfield>
    <subfield code="o">K 909 SOF</subfield>
    <subfield code="p">A01639034</subfield>
    <subfield code="r">2020-05-13 00:00:00</subfield>
    <subfield code="y">B</subfield>
  </datafield>
  <datafield tag="952" ind1=" " ind2=" ">
    <subfield code="0">0</subfield>
    <subfield code="7">0</subfield>
    <subfield code="b">MR</subfield>
    <subfield code="c">K</subfield>
    <subfield code="d">2020-05-13</subfield>
    <subfield code="o">K 909 SOF</subfield>
    <subfield code="p">A01639035</subfield>
    <subfield code="r">2020-05-13 00:00:00</subfield>
    <subfield code="y">B</subfield>
  </datafield>
  <datafield tag="952" ind1=" " ind2=" ">
    <subfield code="0">0</subfield>
    <subfield code="7">0</subfield>
    <subfield code="b">YN</subfield>
    <subfield code="c">K</subfield>
    <subfield code="d">2020-05-13</subfield>
    <subfield code="o">K 909 SOF</subfield>
    <subfield code="p">A01639036</subfield>
    <subfield code="r">2020-05-13 00:00:00</subfield>
    <subfield code="y">B</subfield>
  </datafield>
  <datafield tag="952" ind1=" " ind2=" ">
    <subfield code="0">0</subfield>
    <subfield code="7">0</subfield>
    <subfield code="b">SK</subfield>
    <subfield code="c">K</subfield>
    <subfield code="d">2020-05-13</subfield>
    <subfield code="o">K 909 SOF</subfield>
    <subfield code="p">A01639037</subfield>
    <subfield code="r">2020-05-13 00:00:00</subfield>
    <subfield code="y">B</subfield>
  </datafield>
  <datafield tag="952" ind1=" " ind2=" ">
    <subfield code="0">0</subfield>
    <subfield code="7">0</subfield>
    <subfield code="b">KN</subfield>
    <subfield code="c">K</subfield>
    <subfield code="d">2020-05-13</subfield>
    <subfield code="o">K 909 SOF</subfield>
    <subfield code="p">A01639038</subfield>
    <subfield code="r">2020-05-13 00:00:00</subfield>
    <subfield code="y">B</subfield>
  </datafield>
  <datafield tag="952" ind1=" " ind2=" ">
    <subfield code="0">0</subfield>
    <subfield code="7">0</subfield>
    <subfield code="b">PG</subfield>
    <subfield code="c">K</subfield>
    <subfield code="d">2020-05-13</subfield>
    <subfield code="o">K 909 SOF</subfield>
    <subfield code="p">A01639039</subfield>
    <subfield code="r">2020-05-13 00:00:00</subfield>
    <subfield code="y">B</subfield>
  </datafield>
</record>
